Quizlendrier de l'Avent #18 - L'Apprenti Père Noël - Statistiques

Statistiques générales
  • Ce quiz a été pris 21 fois
  • Le résultat moyen est 6 sur 18
Statistiques - réponses
Informations Réponses % Correct
Ce que le Père Noël ne souhaite pas prendre Sa retraite
71%
Trois qualités que le candidat à la succession de Santa doit présenter S'appeler Nicolas
57%
Seul pays dans lequel le film sortit en salle l'année de sa sortie France
52%
Animal adopté par l'apprenti, offert par le Père Noël lui-même Ourson polaire
48%
Pays dans lequel cet apprenti est finalement trouvé Australie
43%
Etre orphelin
43%
Plateforme de streaming sur laquelle le film fut brièvement disponible Netflix
43%
Assistante du Père Noël Solange Folichon
38%
Avoir le coeur pur
33%
Année de sortie 2010
29%
Suite L'Apprenti Père Noël et le {flocon} magique
29%
Nom de ce dernier Rufus
29%
Acteur le doublant, également connu pour ses ouvrages de vulgarisation sur l'Histoire de France Lorànt Deutsch
19%
Lutin en chef de l'atelier de fabrication des jouets Edgar
14%
Actrice la doublant, ayant débuté sa carrière en 1944, ch'ti et fière de l'être Line Renaud
14%
Meilleur ami de Nicolas en #5 Félix
10%
Acteur le doublant, ayant réalisé plusieurs adaptations de bandes-dessinées,telles que Gaston Lagaffe ou encore Les Profs Pierre-François Martin-Laval
10%
Renne ne savant initialement pas voler, dont le nom et les bois scintillantsrappellent un certain Rudolphe au nez rouge Randolph
10%
Aucun quiz correspondant
Distribution des résultats
% des personnes avec chaque résultat
Percentile par nombre de réponses
Votre historique - résultats
Vous n’avez pas pris ce quiz